000 01428nam a2200385 a 4500
003 BLK
005 20250704092056.0
008 180408b bul|||||r ||||||| ||bul||
010 _aKNG00077766000
020 _a954-8761-71-8
040 _aBLK
041 _aBUL
_cBUL
080 _aОбща теория на изкуството. Естетика на изкуството
_b7.01
_z7.01
080 _aЕстетика
_b18
_z18
100 1 _aАнгелов, Валентин Ангелов
_eпърви автор
_9365441
139 _aАнгелов, Валентин Ангелов
_bА 64
245 1 0 _aИзкуство Естетика
_bКризата в естетиката и предизвикателствата на авангардното изкуство
_cВалентин Ангелов Ангелов.
257 _aBGR
260 _bАгато
_c2005
_aСофия
300 _a376 с.
_bс ил.
_c21 см
380 _a7
500 _aОфс. изд. - 500 тир.
650 4 _aИзкуство - теория
_9264929
650 4 _aЕстетика
_9155058
653 _aизкуство
653 _aестетика
653 _aтеория на изкуството
852 _aЦб 235670
_bЦб
856 4 _qpdf
856 4 _qpdf
942 _cKNG
_n0
_05
944 _aCR
_c27.08.2007
_k30552
_lВиолета Тройчева
944 _aED
_c07.04.2008
999 _c73373
_d73373
999 _d73373